000 00515nam a2200181Ia 4500
005 20250508161858.0
008 008 250505s9999 xx 000 0 eng d
037 _aReference
040 _aFEDL
_beng
_cFEDL
041 _aeng
_2eng
084 _a370, HOL
_qFEDL
100 _aHolt John
245 0 _aInstead of education : Ways to help people do things better
260 _aNew York, USA
_bE P Dutton and Company
_c1976
300 _a250p.
942 _cREF
_h370, HOL
999 _c1372885
_d1372885